European famous. - Statistics

General Stats
  • This quiz has been taken 11 times
  • The average score is 22 of 42
Answer Stats
Hint Answer % Correct
Vlad Dracula Romania
100%
Volodymyr Zelenskyy Ukraine
100%
Adolf Hitler Austria
89%
Luka Modric Croatia
89%
Voltaire France
89%
Ennio Morricone Italy
89%
Vincent van Gogh Netherlands
89%
Fernão de Magalhães Portugal
89%
Mikhail Gorbachev Russia
89%
Antonio Banderas Spain
89%
The Pope Vatican
89%
Jean-Claude Van Damme Belgium
78%
Kimi Räikkönen Finland
78%
Plato Greece
78%
Björk Guðmundsdóttir Iceland
78%
Frédéric Chopin Poland
78%
Albert II (Grimaldi) Monaco
67%
Thor Heyerdahl Norway
67%
Novak Đoković Serbia
67%
Alexander Lukashenko Belarus
56%
Johann Wolfgang von Goethe Germany
56%
Ernő Rubik Hungary
56%
Greta Garbo Sweden
56%
Edin Džeko Bosnia & Herzeg.
44%
Cnut the Great Denmark
44%
Carl Gustav Jung Switzerland
44%
Maia Sandu Moldova
33%
Julian Vila Coma Andorra
22%
Tommy Cash Estonia
22%
Dalia Grybauskaitė Lithuania
22%
Jean-Claude Juncker Luxembourg
22%
Daphne Caruana Galizia Malta
22%
Dr. Zoran T. Popovski North Macedonia
22%
Valentina Monetta San Marino
22%
Ramadan Ramadani Kosovo
11%
Andrejs Pumpurs Latvia
11%
Johannes Adam Ferdinand Alois Josef Maria Marco d'Aviano Pius Liechtenstein
11%
Slavoj Žižek Slovenia
11%
Paisius of Hilendar Bulgaria
0%
Jaromír Jágr Czechia
0%
Miodrag Duric (Dado) Montenegro
0%
Zdeno Chára Slovakia
0%
No matching quizzes found
Score Distribution
Percent of People with Each Score
Percentile by Number Answered
Your Score History
You have not taken this quiz